000 00514nam a22001817a 4500
005 20251108165512.0
008 250721s1999 xx 000 0 ara d
082 1 4 _aم/133.503/عاي
100 1 _aالرواجبه، عايده
245 1 0 _aموسوعة الابراج /
264 1 _aعمان :
_bدار اسامه للنشر و التوزيع،
_c1999.
300 _a344ص
650 1 7 _aالأبراج
650 1 7 _aالموسوعات
650 1 7 _aالتنجيم
942 _2ddc
_cREF
999 _c29436
_d29436